Statistics for Fill in the Blank JetPunk Interesting Facts #1

Click here to take the quiz!

General Stats

  • This quiz has been taken 20 times
  • The average score is 9 of 15

Answer Stats

Answer% Correct
In the Bible, Jesus was born in {Bethlehem}, but he didn’t live there. He was raised in the town of Nazareth.
88%
Thanks to its many overseas territories, France has more time zones than any country on Earth. With 12 time zones, it has one more than {Russia} and the United States, which have 11.
88%
The only country to have a non-rectangular flag is {Nepal}.
88%
When Great Britain adopted the {Gregorian} calendar in 1752 they skipped September 3–13. They also changed the New Year from March 24th to January 1st.
81%
Inhaling {helium} can make your voice sound high. But there is a gas that does the opposite and makes your voice sound lower - sulfur hexafluoride. It is potentially dangerous so don't try it at home.
69%
China had a monopoly on the production of silk until the 6th century, when Christian monks smuggled silkworms out of China and into the {Byzantine} Empire.
63%
{Gandhi} never won the Nobel Peace Prize, but Yasser Arafat did.
63%
{New Zealand} was completely uninhabited by people until around 1250 AD.
63%
Spaghetti is plural. A single strand of spaghetti is a {spaghetto}.
63%
Some people have noticed that Chinese paramount leader Xi {Jinping} has a resemblance to the beloved cartoon bear Winnie-the-Pooh. The result? Winnie-the-Pooh is now censored in China.
56%
The places in the original version of the board game "Monopoly" were inspired by {Atlantic} City, New Jersey.
56%
The canary bird is named after the Canary Islands. The name of the islands comes from the Latin "Canariae Insulae", which means "Islands of the {Dogs}".
44%
There is an AI program that can look at a picture of your retina and guess your {gender} with 97% accuracy.
38%
A group of {owls} are called a parliament.
19%
The {Venus flytrap} is not a tropical plant. It is native to coastal regions of North and South Carolina.
19%

Score Distribution

Percentile by Number Answered

Percent of People with Each Score

Your Score History

You have not taken this quiz